书目信息 |
| 书名: | Modern industrial electronics | |
| 作者: | Timothy J. Maloney. | |
| 分册号: | ||
| 分册名: | 出版地: | Englewood Cliffs, N.J. : |
|
| 出版社: | Prentice Hall | |
| 出版时间: | c1996. | |
| 页数: | 1 v. (various pagings) : | |
| 开本: | 26 cm. | |
| 丛书名: | ||
| 中图分类号: | ||
| 科图分类号: | ||
| 其他分类号: | TN01 | |
| 主题词: | ||
| 电子资源: | ||
| 000 | 00975cam a2200289 a 450 | |
| 001 | E0752590309 | |
| 005 | 20070506144736.32 | |
| 008 | 950515s1996 njua 001 0 eng | |
| 010 | @a95022248 | |
| 020 | @a0134575164. | |
| 035 | @A(DLC) 95022248 | |
| 040 | @aDLC@cDLC@dDLC | |
| 050 | 00 | @aTK7881@b.M343 1996 |
| 082 | 00 | @a629.8/9@2 20 |
| 090 | @aTN01 | |
| 099 | @dTN01@ex5=3 | |
| 100 | 1 | @aMaloney, Timothy J. |
| 245 | 10 | @aModern industrial electronics / @cTimothy J. Maloney. |
| 250 | @a3rd ed. | |
| 260 | @aEnglewood Cliffs, N.J. :@bPrentice Hall,@cc1996. | |
| 300 | @a1 v. (various pagings) :@bill. (some col.) ;@c26 cm. | |
| 500 | @aIncludes index. | |
| 650 | 0 | @aIndustrial electronics. |
| 906 | @a7@bcbc@corignew@d1@eocip@f19@gy-gencatlg | |
| 920 | @a** LC HAS REQ’D # OF SHELF COPIES ** | |
| 955 | @apc08 to ja00 05-15-95; jg06 05-16-95; jg12 05-18-95; jg07 05-19-95; CIP ver. pv07 05-16-96 | |
| 991 | @bc-GenColl@hTK7881@i.M343 1996@tCopy 1@wBOOKS | |
| Modern industrial electronics / / Timothy J. Maloney.-3rd ed.-Englewood Cliffs, N.J. : : Prentice Hall, , c1996. |
| 1 v. (various pagings) : : ill. (some col.) ; ; 26 cm. |
| Includes index. |
| ISBN 0134575164. |
| ● |
| 相关链接 |
|
|
|
|
正题名:Modern industrial electronics
索取号:TN01/x5=3
 
预约/预借
| 序号 | 登录号 | 条形码 | 馆藏地/架位号 | 状态 | 备注 |
| 1 | 7462 | 300074620 | 第二样本阅览室/ [索取号:TN01/x5=3] | 在馆 |